000 00329nam a22001337a 4500
008 171011b xxu||||| |||| 00| 0 eng d
020 _a9780415931533
041 _aeng
080 _a316
100 _a50
101 _aSOC
245 _aFEMINIST LOCAL AND GLOAL THEORY PERSPECTIVE READER
_cCAROLE.C
942 _2udc
_cBK
999 _c33097
_d33097